FINSCOPE Zambia 2020 survey report (Record no. 86728)

MARC details
000 -LEADER
fixed length control field 00705 a2200229 4500
003 - CONTROL NUMBER IDENTIFIER
control field CBULib
005 - DATE AND TIME OF LATEST TRANSACTION
control field 20260701091258.0
008 - FIXED-LENGTH DATA ELEMENTS--GENERAL INFORMATION
fixed length control field 260701b |||||||| |||| 00| 0 eng d
040 ## - CATALOGING SOURCE
Original cataloging agency CBULib
Language of cataloging English
Transcribing agency CBULib
Description conventions rda
041 ## - LANGUAGE CODE
Language code of text/sound track or separate title eng
050 ## - LIBRARY OF CONGRESS CALL NUMBER
Classification number BOZ(058)SR/2020
100 ## - MAIN ENTRY--PERSONAL NAME
Personal name Bank of Zambia
110 ## - MAIN ENTRY--CORPORATE NAME
9 (RLIN) 5574
Corporate name or jurisdiction name as entry element Bank of Zambia(BOZ)
245 ## - TITLE STATEMENT
Title FINSCOPE Zambia 2020 survey report
Statement of responsibility, etc / by Bank of Zambia(BOZ)
260 ## - PUBLICATION, DISTRIBUTION, ETC. (IMPRINT)
Date of publication, distribution, etc 2020.
Place of publication, distribution, etc Lusaka :
Name of publisher, distributor, etc Bank of Zambia,
300 ## - PHYSICAL DESCRIPTION
Extent vi, 93 pages : illustrations
336 ## - CONTENT TYPE
Source rdacontent
Content type term Text |
Content type code txt
337 ## - MEDIA TYPE
Source rdamedia
Media type term Unmediated |
Media type code n
338 ## - CARRIER TYPE
Source rdacarrier
Carrier type term Volume
Carrier type code nc
650 #0 - SUBJECT ADDED ENTRY--TOPICAL TERM
9 (RLIN) 5680
Topical term or geographic name as entry element BANKS AND BANKING--ZAMBIA--STATISTICS
942 ## - ADDED ENTRY ELEMENTS (KOHA)
Source of classification or shelving scheme
Koha item type ZAMBIANA COLLECTION
Holdings
Withdrawn status Lost status Source of classification or shelving scheme Damaged status Not for loan Collection code Permanent Location Current Location Shelving location Date acquired Source of acquisition Full call number Barcode Date last seen Copy number Price effective from Koha item type
          Special Collections CBU-MAIN LIBRARY, KITWE. CBU-MAIN LIBRARY, KITWE. Special Collections 07/01/2026 Dep-BOZ BOZ(058)SR/2020A B153679 07/01/2026 1 07/01/2026 ZAMBIANA COLLECTION
          Special Collections CBU-MAIN LIBRARY, KITWE. CBU-MAIN LIBRARY, KITWE. Special Collections 07/01/2026 Dep-BOZ BOZ(058)SR/2020B B153680 07/01/2026 2 07/01/2026 ZAMBIANA COLLECTION
          Special Collections CBU-MAIN LIBRARY, KITWE. CBU-MAIN LIBRARY, KITWE. Special Collections 07/01/2026 Dep-BOZ BOZ(058)SR/2020B B153681 07/01/2026 3 07/01/2026 ZAMBIANA COLLECTION